| 000 | 05275nam0a22005651 4500 | ||
|---|---|---|---|
| 001 | v19\rc\2109135 | ||
| 005 | 20250620045504.0 | ||
| 035 | _a(NLR Aleph) 005181003 | ||
| 090 |
_a5132767 _c5132767 |
||
| 100 | _a20090914d1809 |||y0rusy50 ca | ||
| 101 | 0 | _arus | |
| 102 | _aRU | ||
| 135 | _acrcn 024anaba | ||
| 140 | _ay y zz yaa0000 | ||
| 200 | 1 | _aО новооткрытом мною наземе или туке | |
| 210 |
_aРевель _cпечатано в типографии Гресселя _d1809 |
||
| 215 |
_a31, [1] с. _d8° |
||
| 300 | _aАвт. установлен по изд. 1810 г. | ||
| 300 | _aБез тит. л. и обл. Описано по с. 3 текста | ||
| 300 | _aВых. дан. на с. 31 | ||
| 316 |
_aЭкз. РНБ (ВЭО 11 5/73) в картонном пер., обтянутом зеленым шелком. Крышки пер. украшены орнамент. рамками золотого тиснения. Корешок гладкий (бумага на корешке почти полностью утрачена). На нижней крышке пер. экслибрис фонда ВЭО ГПБ с шифром. На верхней крышке пер. бумажная наклейка. Обрез золотой. Перед с.1 вклеен л. с надписью: "Разсматривано в екон. обществе, генв. 22 и 29 1810 года к № 3 и 4 журнала". На л. перед с.1, на с.1 штамп-экслибрис фонда ВЭО ГПБ с шифром. На л. перед с.1 штамп: "В.Э.О.". На с.31 круглый штамп ГПБ. Размер: 18,3х11,4х1,0 см _5NLR: ВЭО 11 5/73 |
||
| 317 |
_aВ экз. РНБ (ВЭО 11 5/73) на л. перед с.1 надпись: "Некоторыя замечания о сельском домоводстве Майора Барицтона"; на с.31 надпись: "Отставной майор Барицтон" _5NLR: ВЭО 11 5/73 |
||
| 325 | _aКопия доступна в Электрон. б-ке РНБ | ||
| 327 | 1 |
_aСодерж.: Объявление: [Предисл.] (С. 1-2); _aО новооткрытом мною наземе или туке (С.3-9); _aОб озимой пшенице (С.9-10); _aО посеве озимой ржи на низменных местах (С.11-13); _aО посеве крупнаго ячменя (С.14-16); _aО кустовой ржи (С.17-18); _aО важности всякаго обрабатывания полей (С.19-21); _aО употреблении обыкновеннаго скотскаго навоза (С.22-25); _aО негодной траве на полях под яровой хлеб назначаемых (С.25-28); _aО сенокошении (С.29-31) |
|
| 464 | 0 |
_12001#$aОбъявление _1215##$aС. 1-2 _tОбъявление |
|
| 464 | 0 |
_12001#$aО новооткрытом мною наземе или туке _1215##$aС.3-9 _tО новооткрытом мною наземе или туке |
|
| 464 | 0 |
_12001#$aОб озимой пшенице _1215##$aС.9-10 _tОб озимой пшенице |
|
| 464 | 0 |
_12001#$aО посеве озимой ржи на низменных местах _1215##$aС.11-13 _tО посеве озимой ржи на низменных местах |
|
| 464 | 0 |
_12001#$aО посеве крупнаго ячменя _1215##$aС.14-16 _tО посеве крупнаго ячменя |
|
| 464 | 0 |
_12001#$aО кустовой ржи _1215##$aС.17-18 _tО кустовой ржи |
|
| 464 | 0 |
_12001#$aО важности всякаго обрабатывания полей _1215##$aС.19-21 _tО важности всякаго обрабатывания полей |
|
| 464 | 0 |
_12001#$aО употреблении обыкновеннаго скотскаго навоза _1215##$aС.22-25 _tО употреблении обыкновеннаго скотскаго навоза |
|
| 464 | 0 |
_12001#$aО негодной траве на полях под яровой хлеб назначаемых _1215##$aС.25-28 _tО негодной траве на полях под яровой хлеб назначаемых |
|
| 464 | 0 |
_12001#$aО сенокошении _1215##$aС.29-31 _tО сенокошении |
|
| 620 | _dРевель | ||
| 700 | 1 |
_aТоль _bБ. Б. _gБорис Борисович |
|
| 702 | 1 |
_aБарицтон _5NLR: ВЭО 11 5/73 _4390 |
|
| 712 | 0 | 0 |
_aГрессель, _cРевель _gЮ. Г., _hтипография _9771285 _3RU\NLR\AUTH\880552493 |
| 801 | 0 |
_aRU _bNLR _gpsbo |
|
| 801 | 1 |
_aRU _bProSoft-M _2rusmarc |
|
| 852 |
_aNLR _bВЭО _j11 5/73 |
||
| 942 | _cBOOK | ||
| 980 | _aNB | ||
| 980 | 3 | _akpnscan | |
| 981 | 2 | 2 |
_a(22) Материалы по истории России _b(22) Культура. Наука. Просвещение. |
| 981 | 2 | 0 |
_a(20) Книжные памятники РНБ _b(20) Русский книжный фонд |